| 000 | 01116nam0a22002651 4500 | ||
|---|---|---|---|
| 001 | rc\489139 | ||
| 005 | 20250621103808.0 | ||
| 035 | _a(NLR Aleph) 005731244 | ||
| 090 |
_a7581243 _c7581243 |
||
| 100 | _a20030616d1987 |||y0rusy50 ca | ||
| 101 | 0 | _arus | |
| 102 | _aRU | ||
| 105 | _aa ||||||||| | ||
| 200 | 1 |
_aВведение в теорию газовой хроматографии _eУчеб. пособие к спецкурсам "Теорет. основы хроматографии" и "Газовая хроматография" _fМ.С. Вигдергауз, В.Н. Онучак, Л.А. Онучак |
|
| 210 |
_aКуйбышев _cКуйбышев. госуниверситет _d1987 |
||
| 215 |
_a112 с. _cил. _d20 |
||
| 320 | _aБиблиогр.: с. 109-111 | ||
| 700 | 1 |
_aВигдергауз _bМ.С. _gМарк Соломонович |
|
| 701 | 1 |
_aОнучак _bВ.Н. _gВалерий Николаевич |
|
| 701 | 1 |
_aОнучак _bЛ.А. _gЛюдмила Артемовна |
|
| 801 | 0 |
_aRU _bNLR _gpsbo |
|
| 801 | 1 |
_aRU _bELAR _2rusmarc |
|
| 852 |
_aNLR _j89-3/3037 |
||
| 942 | _cBOOK | ||
| 980 | _aNB | ||